Guess the Celebrity by their Picture - Statistics

General Stats
  • This quiz has been taken 5 times
  • The average score is 8 of 15
Answer Stats
Picture Hint Answer % Correct
Rebekah "Bex" Mikaelson Claire Holt
100%
Elijah Mikaelson Daniel Gillies
100%
Niklaus "Nik/Klaus" Mikaelson Joseph Morgan
100%
Davina Claire Danielle Campbell
80%
Kol Mikaelson Nathaniel Buzolic
80%
Marcellus "Marcel" Gerard Charles Michael Davis
40%
Dahlia Claudia Black
40%
Diego Eka Darville
40%
Camille "Cami" O'Connell Leah Pipes
40%
Eva Sinclair Maisie Richardson
40%
Tristan de Martel Oliver Ackland
40%
Sophie Devereaux Daniella Pineda
20%
Jackson "Jack" Kenner Nathan Parsons
20%
Aurora de Martel Rebecca Breeds
20%
Esther Mikaelson Alice Jane Evans
0%
No matching quizzes found
Score Distribution
Percent of People with Each Score
Percentile by Number Answered
Your Score History
You have not taken this quiz